MDQL
is popping MORE tags! Check the
thread
!
Quizzes
Events
Quiz Creation
Community
Videos
Private Events
Remove Ads
Sign In
Join for FREE
Feedback
Dark Mode
Quiz Categories
Sports
Geography
Music
Movies
Television
Just For Fun
Miscellaneous
History
Literature
Language
Science
Gaming
Entertainment
Religion
Holiday
For Kids
Quiz Lab
Recent
Popular Today
Quiz Kudos Today
Editor Picks
Curator Picks
Quizzes by...
Day
Popularity
Type
Ratings
Length
Year
Community
Subscriptions
Recent Discussions
Orange Saloon
Badges
Playlists
Quests
Create
Leaderboards
Showdown
Live 5
Trivia Bingo
Activity
Puzzle Library
Sporcle Events
Private Events
Virtual Trivia
Globe League
Become a Host
Pub Owners
SporcleCon
Opinionation
Our Games
Videos
Blog
Mobile Apps
Partnerships
Remove Ads and Go Orange
Feedback
Movies
Disney
Marvel Cinematic Universe
Movie Resume
Movie Titles
Oscar
Actor
Actress
Director
Pixar
Role
Movie Quotes
Movie Characters
Box Office
Nominee
Best Picture
Star Wars
James Bond
Horror Movies
Movies
Disney
Marvel Cinematic Universe
Movie Resume
Movie Titles
Oscar
Actor
Actress
Director
Pixar
Role
Movie Quotes
Movie Characters
Box Office
Nominee
Best Picture
Star Wars
James Bond
Horror Movies
Random Quiz
Search Sporcle
×
Quiz Lab
Quiz Lab
Movies
bride
Type in answers that appear in a list
Type in answers that appear in a list
Classic
Best Score? Go Orange.
The Princess Bride Stats
Can you name the Princess Bride Facts?
By
jtreff
4m
19 Questions
1,736 Plays
1,736 Plays
1,736 Plays
Comments
Comments
Give Quiz Kudos
Give Quiz Kudos
-
- Ratings
hide this ad
More Info
Replay
Link that replays current quiz
Next Quiz
Link to next quiz in quiz playlist
You Got
0%
They Got
Avg Score
81%
Avg Friend Score
Upgrade to see
Score Distribution
Jump to the score distribution portion of the page
Score
0/19
Timer
04:00
0
Plays Today
Hint
Answer
% Correct
Character names
Westley
97.7%
Character names
Buttercup
97.6%
Character names
Inigo
94.2%
What is in an MLT?
tomato
93.6%
3 Dangers of the Fire Swamp
R.O.U.S
93.5%
What is in an MLT?
lettuce
92.6%
Character names
Humperdinck
90.8%
What is in an MLT?
mutton
89.9%
Character names
Fezzik
89.2%
Character names
Vizzini
86.7%
Hint
Answer
% Correct
Character names
Miracle Max
85.5%
3 Dangers of the Fire Swamp
Flame Spurt
83.2%
Character names
Count Rugen
70.4%
The two fictional countries
Florin
70.3%
3 Dangers of the Fire Swamp
Lightning Sand
70.3%
The two fictional countries
Guilder
70.2%
2 Classic Blunders
Never get involved in a land war in asia
65.1%
Character names
Valerie
59%
2 Classic Blunders
Never go in against a Sicilian when death is on the line
39.5%
Quiz Playlist
Details
Report
Send in Message
Add To Playlist
More Info:
Princess Bride, the movie. Spellings were taken from IMDB.com
Classic:
Type in answers that appear in a list
Last Updated: Feb 16, 2017
Quiz Scoreboard
CHALLENGE
Sign Up to Join the Scoreboard
Show All
Scores
Hide
Comments
May contain spoilers
Recently Published
5x2 Blitz: Bands
by SL_Kpop136
Music
30s
Colored Red Africa Blitz
by spor1
Geography
30s
Find the 'City' Movie
by crazypaving
Movies
60s
More to Explore
Quiz From the Vault
Featured Blog Post
14 Easter Pick-up Lines to Find Eggs With
hide this ad
You Might Also Like...
Tags
bride
princess
Princess Bride
Today's Top Quizzes in Movies
Browse Movies
hide this ad
Today's Top Quizzes in bride
Browse bride
Top Contributed Quizzes in Movies
1
Find The 'Big' Movie
2
Find The 'Wild' Movie
3
Find The 'Blue' Movie
4
Movies By Plot
5
Pick 5 Posters: Directed by Spielberg
6
Hidden Star Wars Character II
7
Hidden Star Wars Character III
8
Hidden Star Wars Character IV
9
Alfred Hitchcock Movies by Plot
10
Hidden Star Wars Character V
Explore More
Trending Topics
Crossword
Harry Potter
Anime
Kpop
Marvel
Disney
NBA
The Office
Song
Puzzle
Pokémon
Soccer
Country
WWE
NFL
hide this ad
More By:
jtreff
Quiz
Plays
Rating
Category
Featured
Created
Pitch Perfect- Next Line, clickable
4,578
3.33
Movies
Nov 14, 2013
ESPN analysts by TDs
3,215
3.60
Sports
Nov 4, 2010
Ways to end an MMA match
2,171
1.50
Sports
May 18, 2010
The Princess Bride
1,736
3.80
Movies
Jun 28, 2010
1990's Movie Descriptions in 3 words
1,377
3.40
Movies
Mar 18, 2010
Go to Creator's Profile
Score Distribution
Quiz Creator Spotlight
jtreff
Follow
Send a Message
Quizzes Created
-
Created Quiz Play Count
-
More By This Creator
Popular Quizzes Today
1
Find the 'City' Movie
2
Colored Red Africa Blitz
3
Find the US States - No Outlines Minefield
4
5x2 Blitz: Bands
5
The Countries of the World
6
Find the US States
7
US States
8
9x9 Crossword: Cartoon Network
More Movies Quizzes
Titanic Word Ladder
Curator's Pick
Trending Quizzes
Colored Red Europe Blitz I
Colored Red Africa Blitz II
Colored Red Europe Blitz II
Colored Red Africa Blitz III
Colored Red Europe Blitz III
Recently Updated
Famous TV Couples
Peacemaker
Champions League XIs: Real Madrid
pecheneg
Largest US Cities 1790-2010
pecheneg
Rides in Walt Disney World
pecheneg
Most Oscar Losses (Acting)
pecheneg
Beyoncé Albums
pecheneg
Leaping Animals
pecheneg
Reality TV Shows (A-Z)
bhenderson79
Rickey Henderson's Hall of Fame Teammates
pecheneg
Champions League XIs: Arsenal
pecheneg
Trending Topics
Anime
Crossword
NBA
Marvel
Disney
Kpop
Harry Potter
Country
Pokémon
Soccer
Puzzle
WWE
NFL
The Office
Song
Your Account Isn't Verified!
In order to create a playlist on Sporcle, you need to verify the email address you used during registration. Go to your
Sporcle Settings
to finish the process.
Report this User
Report this user for behavior that violates our
Community Guidelines
.
Details:
Send Report
Go to the Sporcle.com Mobile Site →
Comments